|
|
|
|
| LEADER |
00000nam0a2200000 4500 |
| 001 |
120381 |
| 005 |
20231101215615.0 |
| 010 |
|
|
|a 5379002773
|
| 010 |
|
|
|a 978-5-379-00277-0
|
| 035 |
|
|
|a (RuTPU)RU\TPU\book\130346
|
| 035 |
|
|
|a RU\TPU\book\31659
|
| 035 |
|
|
|a RU\TPU\book\112612
|
| 090 |
|
|
|a 120381
|
| 100 |
|
|
|a 20061102d2007 m a0rusy50 ca
|
| 101 |
0 |
|
|a rus
|
| 102 |
|
|
|a RU
|
| 105 |
|
|
|a y l 001zy
|
| 200 |
1 |
|
|a Межотраслевые правила по охране труда (правила безопасности) при эксплуатации электроустановок
|a ПОТ РМ-016-2001. РД 153-34.0-03.150-00
|f Министерство здравоохранения и социального развития Российской Федерации ; Министерство промышленности и энергетики Российской Федерации
|
| 205 |
|
|
|a 9 изд.
|
| 210 |
|
|
|a Новосибирск
|c Сибирское унив. изд-во
|d 2007
|
| 215 |
|
|
|a 171 с.
|
| 320 |
|
|
|a Термины: с. 4-13.
|
| 320 |
|
|
|a Сокращения: с. 14.
|
| 330 |
|
|
|a В Правилах приведены требования к персоналу, производящему работы в электроустановках, определены порядок и условия производства работ, рассмотрены организационные и технические мероприятия, обеспечивающие безопасность работ, испытаний и измерений в электроустановках всех уровней напряжения. Правила распространяются на работников организаций независимо от форм собственности и организационно-правовых форм и других физических лиц, занятых техническим обслуживанием электроустановок, проводящих в них оперативные переключения, организующих и выполняющих строительные, монтажные, наладочные, ремонтные работы, испытания и измерения. В приложениях представлены квалификационные требования к электротехническому (электротехнологическому) и другому персоналу, условия присвоения группы по электробезопасности, приведены формы необходимых документов: удостоверений о проверке знаний норм и правил работы в электроустановках, наряда-допуска для работы в электроустановках с указаниями по его заполнению, а также формы журналов учета работ по нарядам и распоряжениям, проверки знаний норм и правил работы в электроустановках и др.
|
| 610 |
1 |
|
|a электротехника
|
| 610 |
1 |
|
|a электрические установки
|
| 610 |
1 |
|
|a электроустановки
|
| 610 |
1 |
|
|a эксплуатация
|
| 610 |
1 |
|
|a безопасность
|
| 610 |
1 |
|
|a охрана труда
|
| 610 |
1 |
|
|a правила
|
| 675 |
|
|
|a 621.31.004(083.13)
|v 3
|
| 712 |
0 |
2 |
|a Министерство промышленности и энергетики Российской Федерации
|2 stltpush
|3 (RuTPU)RU\TPU\col\11656
|9 25225
|
| 712 |
0 |
1 |
|a Российская Федерация
|b Министерство здравоохранения и социального развития (Минздравсоцразвития России)
|2 stltpush
|3 (RuTPU)RU\TPU\col\9944
|
| 801 |
|
1 |
|a RU
|b 63413507
|c 20070827
|g PSBO
|
| 801 |
|
2 |
|a RU
|b 63413507
|c 20090317
|g PSBO
|
| 942 |
|
|
|c BK
|
| 959 |
|
|
|a 48/20070816
|d 1
|e 40,00
|f ЧЗКДП:1
|